000 00521nam a2200181Ia 4500
999 _c30966
_d30966
003 OSt
005 20200803110827.0
008 190216s9999||||xx |||||||||||||| ||und||
040 _coclc
082 _a515.353
_bDUF/S
100 _aDuffy, Dean G
_93906
245 0 _aSolutions Of Partial Differential Equations /
_cDean G Duffy
250 _a1st Ed.
260 _bCbs Publishers,
_c1986.
_aDelhi:
300 _a542p
650 _aMathematics
942 _cBK
_2ddc
_h515.353
_iDUF/S
_k515.353
_mDUF/S